Применение многослойных нейронных сетей для оценки влажности почвы по СВЧ радиометрическим измерениям; Информационные технологии; № 4

Bibliographic Details
Parent link:Информационные технологии: теоретический и прикладной научно-технический журнал.— , 2000-
№ 4.— 2004.— С. 23-28
Main Author: Назаров Л. Е.
Other Authors: Чухланцев А. А., Назарова З. Т.
Language:Russian
Published: 2004
Series:Нейросети и нейрокомпьютеры
Subjects:
Format: Book Chapter
KOHA link:https://koha.lib.tpu.ru/cgi-bin/koha/opac-detail.pl?biblionumber=394276

MARC

LEADER 00000naa2a2200000 4500
001 394276
005 20231101064503.0
035 |a (RuTPU)RU\TPU\prd\30961 
090 |a 394276 
100 |a 20041214a2004 k y0rusy50 ca 
101 0 |a rus 
102 |a RU 
200 1 |a Применение многослойных нейронных сетей для оценки влажности почвы по СВЧ радиометрическим измерениям  |f Л. Е. Назаров, А. А. Чухланцев, З. Т. Назарова 
225 1 |a Нейросети и нейрокомпьютеры 
320 |a Библиогр.: 16 назв. 
461 1 |0 (RuTPU)RU\TPU\prd\1520  |t Информационные технологии  |o теоретический и прикладной научно-технический журнал  |d 2000- 
463 1 |0 (RuTPU)RU\TPU\prd\26325  |t № 4  |v С. 23-28  |d 2004 
610 1 |a многослойные нейронные сети 
610 1 |a почва 
610 1 |a влажность 
610 1 |a оценка 
610 1 |a радиометрические измерения 
610 1 |a моделирование 
610 1 |a алгоритмы 
610 1 |a относительные погрешности 
675 |a 528.852  |v 3 
700 1 |a Назаров  |b Л. Е. 
701 1 |a Чухланцев  |b А. А. 
701 1 |a Назарова  |b З. Т. 
801 1 |a RU  |b 63413507  |c 20041214  |g PSBO 
801 2 |a RU  |b 63413507  |c 20130507  |g RCR 
942 |c BK